National Security Bangladesh 2008 / (Record no. 25504)

MARC details
000 -LEADER
fixed length control field 00577nam a22001937a 4500
003 - CONTROL NUMBER IDENTIFIER
control field BDDh-ASL
005 - DATE AND TIME OF LATEST TRANSACTION
control field 20231015030507.0
008 - FIXED-LENGTH DATA ELEMENTS--GENERAL INFORMATION
fixed length control field 210812s2009 bg ||||| |||| 001 0 eng d
040 ## - CATALOGING SOURCE
Transcribing agency BDDh-ASL
082 ## - DEWEY DECIMAL CLASSIFICATION NUMBER
Classification number 363.5492
Item number NAT
245 00 - TITLE STATEMENT
Title National Security Bangladesh 2008 /
260 ## - PUBLICATION, DISTRIBUTION, ETC.
Place of publication, distribution, etc. Dhaka:
Name of publisher, distributor, etc. UPL,
Date of publication, distribution, etc. 2009.
300 ## - PHYSICAL DESCRIPTION
Extent 325 p. :
Dimensions 23 cm.
504 ## - BIBLIOGRAPHY, ETC. NOTE
Bibliography, etc. note Include Bibliographical References and Index
650 #0 - SUBJECT ADDED ENTRY--TOPICAL TERM
9 (RLIN) 4230
Topical term or geographic name entry element Security
Geographic subdivision Bangladesh
650 #0 - SUBJECT ADDED ENTRY--TOPICAL TERM
9 (RLIN) 4231
Topical term or geographic name entry element National Security
General subdivision Defence
Geographic subdivision Bangladesh
700 1# - ADDED ENTRY--PERSONAL NAME
9 (RLIN) 4229
Personal name Islam, Sheikh Md. Monirul
942 ## - ADDED ENTRY ELEMENTS (KOHA)
Source of classification or shelving scheme Dewey Decimal Classification
Koha item type Books
Holdings
Withdrawn status Lost status Source of classification or shelving scheme Damaged status Not for loan Collection code Home library Current library Shelving location Date acquired Source of acquisition Total Checkouts Full call number Barcode Date last seen Copy number Price effective from Koha item type
    Dewey Decimal Classification     Non-fiction Asiatic Society Library Asiatic Society Library General Stacks 08/12/2021 Donated by National Atlas of Bangladesh Project   363.5492 NAT 110305 08/12/2021 C-1 08/12/2021 Books

Powered by Koha